LEADER 01583nam a2200241 i 4500 001 000000225688 003 CaOOAMICUS 005 20250404145135.0 008 131216s1688 it u000 u lat u 013 $a204590 026 $a6155 n-ad :&a- nici (7) 1688 (R) 040 $aSeMil$bita 245 10$aVenerabilis Bedae ... Operum tomus octavus, continens doctissima super varios Veteris Testamenti libros quaestiones, et commentaria in Psalmos Davidis .. 300 $a[4] p., 968 col., [112] p. 500 $aSegn.: pg2 A-2Q6 2R8 a-h6 i8. 773 0 $aBeda : Venerabilis $tVenerabilis Bedae ... Opera theologica, moralia, historica, philosophica, mathematica & rhetorica ... in Vetus et Novum Testamentum ... Moralibus doctrinis & expositionibus in quatuor Evangelistarum Evangelia illustrata ..$dColoniae Agrippinae : Apud Ioannem Wilhelmum Friessem juniorem, 1688.$bHac postrema editione diligenter recognita, sedulo correcta, & divisa in tomos 8. Cum indice rerum verborumque copiosissimo.$g8$w()29258 850 $aSeMil 852 $aSeMil$W1$xVenegono$y1$m2U VI 8 FA$j176034$B176034$CSeMilBibl$Z2$F186508 $8I 852 $aSeMil$W1$xVenegono$y1$m2T VI 8 FA$j176469$B176469$CSeMilBibl$Z2$F186993 $8I 961 $aOmaggio: Biblioteca Seminario Seveso (dal 1998) 961 $aOmaggio: Biblioteca Seminario Seveso (dal 1998) 996 $6245$aVenerabilis Bedae ... Operum tomus octavus, continens doctissima super varios Veteris Testamenti libros quaestiones, et commentaria in Psalmos Davidis ..$9(OLS)http://semarc/title/323280 LEADER 01170nam a2200241 i 4500 001 000000071885 003 CaOOAMICUS 005 20090127000000.0 008 090127s1925 it u000 u ita u 013 $a43057 040 $aSeMil$bita 100 0 $aTommaso : d'Aquino,$c.$0(OLS)http://semarc/name/423 245 13$aIl problema della conoscenza :$bestratti dalla Somma teologica /$cSan Tommaso d'Aquino ; traduzione e commento di Giuseppe Marino. 260 $aTorino [etc.] :$bParavia,$cstampa 1925. 300 $aXXIV, 122 p. ;$c20 cm. 490 0 $aPiccola biblioteca di filosofia e pedagogia 650 4$aTommaso : d'Aquino - Gnoseologia.$0(OLS)http://semarc/subject/9418 700 1 $aMarino, Giuseppe.$0(OLS)http://semarc/name/35663 830 0$aPiccola biblioteca di filosofia e pedagogia.$0(OLS)http://semarc/title/7499 850 $aSeMil 852 $aSeMil$W1$xVenegono$y1$m2P V 108$j38038$B38038$CSeMilBibl$Z2$F38041 $81 996 $6245$aIl problema della conoscenza :$bestratti dalla Somma teologica$9(OLS)http://semarc/title/105417 996 $6260$aTorino [etc.] :$bParavia$9(OLS)http://semarc/publisher/34343